Statistics for British supermarkets

Click here to take the quiz!

General Stats

  • This quiz has been taken 2,713 times
    (2,711 since last reset)
  • The average score is 7 of 10

Answer Stats

Answer% Correct
Tesco
99%
Sainsbury's
91%
Asda
90%
Aldi
85%
Lidl
84%
Morrisons
84%
Waitrose
78%
Co-operative
51%
Marks and Spencer
42%
Iceland
40%

Score Distribution

Percentile by Number Answered

Percent of People with Each Score

Your Score History

You have not taken this quiz since the last reset